| 000 | 00358nam a2200145 a 4500 | ||
|---|---|---|---|
| 008 | 980929s1962||||xx 0 und c | ||
| 040 |
_aSNK _bslo _cSNK _eAACR2 |
||
| 100 | 1 | _aPhilipe, Anna | |
| 245 | 1 | 0 |
_aGérard Philipe _bspomienky a svedectvá |
| 260 |
_aBratislava _bSVKL _c1962 |
||
| 300 | _a259 s. | ||
| 020 | _c19,60 | ||
| 041 | _aslo | ||
| 044 |
_axo _cSK |
||
| 999 |
_c14933 _d14933 |
||